000
00311nam a22001337a 4500
008
170424b xxu||||| |||| 00| 0 eng d
020
_a
9780547168616
041
_a
eng
080
_2
7 ED
_a
54
100
_a
12
101
_a
SHM
245
_a
PREPARING FOR THE AP CEHMISTRY
_c
ZUMDAHI.S.S
942
_2
udc
_c
BK
999
_c
11641
_d
11641